000 00332 a2200157 4500
001 71014
020 _a8573194987
040 _cAnchieta - Itaigara
100 _aRibeiro, Eid
240 1 0 _aAnjos e abacates
_lpor
245 1 0 _aAnjos e abacates
300 _a56p.
362 0 _a2005
650 4 _aLiteratura juvenil
942 _cBK
999 _c71014
_d71014